Linear Algebra for Everyone
Saved in:
| Main Author: | |
|---|---|
| Format: | Book |
| Language: | English |
| Published: |
Wellesley
Wellesley - Cambridge Press
2020
|
| Subjects: | |
| Tags: |
No Tags, Be the first to tag this record!
|
MARC
| LEADER | 00000nam a2200000 4500 | ||
|---|---|---|---|
| 001 | 0272206 | ||
| 005 | 20240221114141.0 | ||
| 020 | |a 978-1-7331466-3-0 | ||
| 041 | 0 | |a eng | |
| 044 | |a US | ||
| 245 | 1 | 0 | |a Linear Algebra for Everyone |c Gilbert Strang |
| 264 | 1 | |a Wellesley |b Wellesley - Cambridge Press |c 2020 | |
| 300 | |a 356 s. | ||
| 610 | 2 | 0 | |a matematika |
| 610 | 2 | 0 | |a rovnice lineárne |
| 610 | 2 | 0 | |a funkcie matematické |
| 610 | 2 | 0 | |a dáta |
| 100 | 1 | |a Strang, Gilbert | |